000 00465nam a2200169Ia 4500
008 140527t2012 xxu||||| |||| 00| 0 sin d
041 _asin
080 _aX8S31
_bRAN
100 _aRanasinghe, Sanda Lalith
245 _aආයෙත් ආයෙත් ආදරයමයි
246 _aAayeth Aayeth Adarayamai
260 _bSanghinda
_aNugegoda
_c2012
300 _ap.206p., 21 cm
942 _cBK
999 _c73817
_d73817
003 LK-CoDNM
040 _aLK-CoDNM
_dLK-CoDNM
_eLK-CoDNM